[Event "17th Belgrade Trophy"]
[Site "Obrenovac SCG"]
[Date "2004.11.30"]
[Round "9"]
[White "Guidarelli,L"]
[Black "Predojevic,B"]
[Result "1/2-1/2"]
[WhiteElo "2422"]
[BlackElo "2509"]

1.d4 d5 2.c4 c6 3.Nf3 Nf6 4.Nc3 dxc4 5.a4 Bf5 6.e3 e6 7.Bxc4 Bb4 8.O-O Nbd7
9.h3 O-O 10.Qe2 Bg6 11.Rd1 Qe7 12.Nh4 e5 13.Nxg6 hxg6 14.d5 e4 15.dxc6 bxc6
16.Qc2 Bd6 17.Ne2 Ne5 18.Bd2 Rab8 19.b3 Rfd8 20.Bc3 Bc7 21.Bd4 Bd6 22.Rd2 c5
23.Bc3 Nxc4 24.bxc4 Be5 25.Rad1 Rxd2 26.Qxd2 Bxc3 27.Nxc3 Qe5 28.Qd6 Qxd6
29.Rxd6 Rb4 30.Ra6 Rxc4 31.Nb5 Rc1+ 32.Kh2 c4 33.Rxa7 c3 34.Ra8+ Kh7 35.Rc8 Nd5
36.a5 c2 37.Nd4  1/2-1/2

[Event "Open"]
[Site "Porec HUN"]
[Date "2004.12.03"]
[Round "4"]
[White "Franic,M"]
[Black "Vukovic,Ni"]
[Result "1-0"]
[WhiteElo "2414"]
[BlackElo "2172"]

1.d4 d5 2.c4 c6 3.Nf3 Nf6 4.Nc3 dxc4 5.a4 Bf5 6.Nh4 e6 7.Nxf5 exf5 8.e3 Bb4
9.Bxc4 O-O 10.O-O Nbd7 11.Qb3 Qb6 12.Rd1 Rad8 13.Na2 Bd6 14.Qc2 g6 15.Bd2 Ne4
16.Be1 Qc7 17.g3 Nb6 18.Bf1 Rfe8 19.Bg2 c5 20.Rac1 Rc8 21.a5 Na8 22.Qa4 Qe7
23.Qb3 cxd4 24.exd4 b6 25.Nb4 Bxb4 26.Bxb4 Qd7 27.Rxc8 Rxc8 28.f3 Nf6 29.d5 Nc7
30.axb6 axb6 31.d6 Ne6 32.Bc3 Ne8 33.Qxb6 Rc6 34.Qb8 Rc8 35.Qb4 Rc6 36.Qb5 Nxd6
37.Qe5 Rxc3 38.bxc3 Qa7+ 39.Kh1 Nc4 40.Qe2 Qc5 41.f4 Ne3 42.Rd3 Ng4 43.Rf3 h5
44.h3 Nf6 45.Qe5 Qe7 46.Rd3 h4 47.Bf3 hxg3 48.Kg2 Ng4 49.hxg4 Qh4 50.Kf1 Qh3+
51.Bg2 Qxg4 52.c4 g5 53.c5 gxf4 54.c6 f3 55.Bxf3  1-0

[Event "3rd Subasic Mem"]
[Site "Zenica BIH"]
[Date "2004.12.06"]
[Round "2"]
[White "Cebalo,M"]
[Black "Atalik,S"]
[Result "0-1"]
[WhiteElo "2520"]
[BlackElo "2541"]

1.d4 d5 2.c4 c6 3.Nf3 Nf6 4.Nc3 dxc4 5.a4 Bf5 6.Ne5 Nbd7 7.Nxc4 Nb6 8.e3 e6
9.a5 Nxc4 10.Bxc4 Be7 11.f3 Bg6 12.e4 O-O 13.Be3 b5 14.axb6 axb6 15.O-O Rxa1
16.Qxa1 Qb8 17.Qa6 c5 18.Nb5 Rd8 19.dxc5 Bxc5 20.Bxc5 bxc5 21.Qa5 h5 22.h4 Rd7
23.Qe1 Rb7 24.Qe2 Bxe4 25.fxe4 Ng4 26.e5 Nxe5 27.Bxe6 fxe6 28.Nc3 Ng4 29.Qxe6+ Kh8
30.Rf5 Qh2+ 31.Kf1 Qh1+ 32.Ke2 Qxg2+ 33.Kd3 Qh3+ 34.Kc4 Ne3+ 35.Qxe3 Qxe3  0-1

[Event "Open"]
[Site "Banja Luka BIH"]
[Date "2004.12.08"]
[Round "5"]
[White "Popovic,Zo"]
[Black "Milekic,D"]
[Result "1/2-1/2"]
[WhiteElo "2303"]
[BlackElo "2054"]

1.d4 d5 2.c4 c6 3.Nc3 Nf6 4.Nf3 dxc4 5.a4 Bf5 6.e3 e6 7.Bxc4 Bb4 8.O-O O-O
9.Qe2 Nbd7 10.Rd1 Bg6 11.Ne5 Nxe5 12.dxe5 Nd7 13.e4 Qe7 14.Bf4 Rfd8 15.Qg4 Nb6
16.Rxd8+ Qxd8 17.Rd1 Qf8 18.Qe2 Bxc3 19.bxc3 Nxa4 20.Qc2 Nc5 21.f3 Nxe4 22.fxe4 Qc5+
23.Rd4 a5 24.Qf2 Qa3 25.Qd2 h6 26.h4 h5 27.Be3 a4 28.Rd7 b5 29.Ba2 Bxe4 30.Qf2 Bg6
31.Bd4 Rc8 32.Kh2 Qc1 33.Qg3 Bf5 34.Qf2 Bg6 35.Qg3 Qc2 36.Qf2 Qe4 37.Re7 c5
38.Be3 b4 39.Bxe6 fxe6 40.Rxg7+ Kxg7 41.Qf6+ Kh7 42.Qe7+ Kh8 43.Qf6+ Kh7
44.Qe7+  1/2-1/2

[Event "3rd Subasic Mem"]
[Site "Zenica BIH"]
[Date "2004.12.08"]
[Round "5"]
[White "Cebalo,M"]
[Black "Zivanic,M"]
[Result "1-0"]
[WhiteElo "2520"]
[BlackElo "2435"]

1.d4 d5 2.c4 c6 3.Nf3 Nf6 4.Nc3 dxc4 5.a4 Bf5 6.e3 e6 7.Bxc4 Bb4 8.O-O Nbd7
9.Nh4 O-O 10.f3 Bg6 11.g3 Qa5 12.Nxg6 hxg6 13.Na2 e5 14.Nxb4 Qxb4 15.b3 Rfe8
16.Ba3 Qb6 17.Re1 a5 18.Bb2 Rad8 19.Qc2 Nd5 20.Rad1 Qb4 21.e4 exd4 22.Bxd4 Ne5
23.Bxe5 Rxe5 24.Rf1 Rc8 25.Bxd5  1-0

[Event "FSIM December"]
[Site "Budapest HUN"]
[Date "2004.12.09"]
[Round "6"]
[White "Solomons,D"]
[Black "Issakainen,A"]
[Result "1/2-1/2"]
[WhiteElo "2249"]
[BlackElo "2230"]

1.d4 d5 2.Nf3 Nf6 3.c4 c6 4.Nc3 dxc4 5.a4 Bf5 6.e3 e6 7.Bxc4 Bb4 8.O-O Nbd7
9.h3 Bg6 10.Bd2 a5 11.Rc1 O-O 12.Qe2 Qe7 13.Ne5 Nxe5 14.dxe5 Ne4 15.Nxe4 Bxe4
16.f3 Bd5 17.Rfd1 Rad8 18.Kh1 g6 19.Be1 Bxc4 20.Rxc4 Bxe1 21.Qxe1 Qc7 22.f4 Qb6
23.Rxd8 Rxd8 24.b4 axb4 25.Rxb4 Qa7 26.Qc3 Qa6  1/2-1/2

[Event "Open"]
[Site "Ashdod ISR"]
[Date "2004.12.10"]
[Round "2"]
[White "Eljanov,P"]
[Black "Rodshtein,M"]
[Result "1/2-1/2"]
[WhiteElo "2629"]
[BlackElo "2377"]

1.d4 d5 2.c4 c6 3.Nf3 Nf6 4.Nc3 dxc4 5.a4 Bf5 6.Ne5 Nbd7 7.Nxc4 Qc7 8.Qd2 Nd5
9.f3 e5 10.e4 Nxc3 11.bxc3 Be6 12.d5 cxd5 13.exd5 Bf5 14.d6 Qc6 15.Ba3 a6
16.Bb4 g6 17.Na5 Qc8 18.Bc4 Bg7 19.Bd5 Rb8 20.O-O O-O 21.Nc4 Re8 22.a5 Be6
23.Rad1 Qd8 24.Qf2 Bxd5 25.Rxd5 Rc8 26.Nb6 Rc6 27.c4 Nxb6 28.axb6 Rxc4 29.d7 Re6
30.Bc5 Bf8 31.Rfd1 Bh6 32.Kh1 Bg5 33.Qa2 Rc1 34.Rxc1 Bxc1 35.Qc4 Bg5 36.g3 Rc6
37.Kg2 Bf6 38.Rd1 Kg7 39.Qd5 Kg8 40.Qxc6 bxc6 41.b7 Qb8 42.Rb1 Kg7 43.h4 h5
44.Kh3 a5 45.g4 hxg4+ 46.fxg4 a4 47.g5  1/2-1/2

[Event "Master Open"]
[Site "Singapore SIN"]
[Date "2004.12.12"]
[Round "3"]
[White "Goh Koon Jong,J"]
[Black "Zhang Pengxiang"]
[Result "1/2-1/2"]
[WhiteElo "2419"]
[BlackElo "2519"]

1.d4 d5 2.c4 c6 3.Nf3 Nf6 4.Nc3 dxc4 5.a4 Bf5 6.Ne5 Nbd7 7.Nxc4 Nb6 8.e3 e6
9.a5 Nxc4 10.Bxc4 Qc7 11.f3 Bg6 12.Qb3 Rd8 13.Ne2 Nd7 14.e4 Be7 15.Be3 O-O
16.h4 h6 17.Nf4 Bh7 18.Bxe6 Bd6 19.Bxd7 Bxf4 20.Bh3 Bxe3 21.Qxe3 Qg3+ 22.Qf2 Qxf2+
23.Kxf2 Rxd4 24.Rhd1 Rfd8 25.Rxd4 Rxd4 26.Ke3 Rb4 27.Rd1 g5 28.hxg5 hxg5
29.Rd8+ Kg7 30.Ra8 a6 31.Bc8 Rxb2 32.Ra7 Rb5 33.Bxb7 Rxa5 34.Rxa6  1/2-1/2

[Event "Bykova Mem"]
[Site "Vladimir RUS"]
[Date "2004.12.12"]
[Round "6"]
[White "Shaidullina,S"]
[Black "Kononenko,T"]
[Result "1-0"]
[WhiteElo "2308"]
[BlackElo "2305"]

1.d4 d5 2.c4 c6 3.Nf3 Nf6 4.Nc3 dxc4 5.a4 Bf5 6.e3 e6 7.Bxc4 Bb4 8.O-O O-O
9.Qe2 Nbd7 10.e4 Bg6 11.e5 Nd5 12.Bd2 Be7 13.a5 h6 14.Rfc1 a6 15.Ne4 Rc8
16.Bd3 c5 17.dxc5 Nxc5 18.Nxc5 Bxc5 19.Bxg6 fxg6 20.Rc4 Ba7 21.Rac1 Rxc4
22.Rxc4 g5 23.h3 Rf7 24.Qd3 Qd7 25.h4 gxh4 26.Rxh4 Rf5 27.Rg4 g5 28.Rc4 Kg7
29.Bc3 Rf7 30.Bd4 Nf4 31.Qe4 Bxd4 32.Nxd4 g4 33.Rc2 h5 34.Kh2 Qe7 35.g3 Nd5
36.Kg2 Kh6 37.Rc8 Kg7 38.Rd8 Nc7 39.Rd6 Qe8 40.Rb6 Qf8 41.Qe3 Qd8 42.Rd6 Qe7
43.Kg1 Rf8 44.Qd2 Kg8 45.Nc6 bxc6 46.Rd7 Qxd7 47.Qxd7 Rf7 48.Qxc6 Kg7 49.b4 Kg6
50.b5 axb5 51.a6 Kf5 52.a7 Kxe5 53.Qc5+ Kf6 54.Qxc7 Rxc7 55.a8=Q Rf7 56.Qb8 Kg5
57.Qe5+ Kg6 58.Qxe6+ Rf6 59.Qg8+ Kh6 60.Qd5 Rf3 61.Qxb5 Kg6 62.Kf1 Kh6 63.Ke2 Kg6
64.Qe8+ Kg5 65.Qe6  1-0

[Event "Open"]
[Site "Lindsborg USA"]
[Date "2004.12.20"]
[Round "6"]
[White "Muhammad,S"]
[Black "Khachiyan,M"]
[Result "0-1"]
[WhiteElo "2387"]
[BlackElo "2468"]

1.d4 d5 2.Nf3 Nf6 3.c4 c6 4.Nc3 dxc4 5.a4 Bf5 6.Ne5 Nbd7 7.Nxc4 Qc7 8.Qd2 Nb6
9.Ne5 e6 10.f3 O-O-O 11.a5 Nbd5 12.e4 Nb4 13.Qf2 Rxd4 14.Be3 Bc5 15.Nd3 Rxe4
16.Nxe4 Nxe4 17.fxe4 Bxe3 18.Qe2 Nxd3+ 19.Qxd3 Qf4 20.exf5 Qf2+ 21.Kd1 Rd8
22.Ra3 Rxd3+ 23.Rxd3 exf5 24.a6 f4 25.axb7+ Kxb7 26.Be2 Qxg2 27.Re1 Qxh2
28.Kc2 Qf2 29.Kd1 f5 30.b4 Kb6 31.Rf1 Qg2 32.Ra3 Qd5+ 33.Bd3 Qg2 34.Be2 g5
35.Ra6+ Kc7  0-1

[Event "Stepchev Memorial"]
[Site "Kiev UKR"]
[Date "2004.12.24"]
[Round "4"]
[White "Karnaukh,A"]
[Black "Perun,S"]
[Result "0-1"]
[WhiteElo "2248"]
[BlackElo "2350"]

1.d4 d5 2.Nf3 Nf6 3.c4 c6 4.Nc3 dxc4 5.a4 Bf5 6.e3 e6 7.Bxc4 Bb4 8.O-O Nbd7
9.Qe2 Bg6 10.Rd1 O-O 11.Ne5 Nxe5 12.dxe5 Nd7 13.f4 a5 14.Bd2 Nb6 15.Be1 Qe7
16.Bd3 Bxc3 17.Bxc3 Nd5 18.Be1 Rfd8 19.Bc4 Nb4 20.e4 Bh5 21.Qxh5 Qc5+ 22.Bf2 Qxc4
23.Rd6 Qxe4 24.Rad1 Nd5  0-1

[Event "Asian Juniors"]
[Site "Bikaner IND"]
[Date "2004.12.25"]
[Round "6"]
[White "Soumitra,M"]
[Black "Hasan,Me"]
[Result "0-1"]
[WhiteElo "2148"]
[BlackElo "2251"]

1.d4 d5 2.c4 c6 3.Nf3 Nf6 4.Nc3 dxc4 5.a4 Bf5 6.e3 e6 7.Bxc4 Bb4 8.O-O O-O
9.Qe2 Bg6 10.Ne5 Nbd7 11.Nxg6 hxg6 12.Rd1 Qa5 13.Bd2 Rad8 14.Na2 Bxd2 15.Qxd2 Qh5
16.Be2 Qh4 17.Qb4 b6 18.Bf3 g5 19.g3 Qh6 20.Nc3 e5 21.Ne4 Nxe4 22.Bxe4 Nf6
23.dxe5 c5 24.Qc4 Rxd1+ 25.Rxd1 Ng4 26.Bh7+ Qxh7 27.Qxg4 Qc2 28.Rd7 Qxb2
29.Qxg5 Qa1+ 30.Kg2 Qxa4 31.Re7 Qc6+ 32.f3 Re8 33.Rxa7 c4 34.Qf5 Rf8 35.h4 c3
36.Ra1 b5 37.h5 b4 38.h6 Qg6 39.Qf4 b3 40.Qb4 b2 41.hxg7 Kxg7 42.Rh1 Qc2+
43.Kh3 Rh8+  0-1

[Event "31st Eastern Open"]
[Site "Washington DC USA"]
[Date "2004.12.26"]
[Round "2"]
[White "Rosario,S"]
[Black "Rubenchik,R"]
[Result "1-0"]
[WhiteElo "2156"]
[BlackElo "2356"]

1.d4 d5 2.c4 c6 3.Nc3 Nf6 4.Nf3 dxc4 5.a4 Bf5 6.e3 e6 7.Bxc4 Bb4 8.O-O Nbd7
9.Qb3 a5 10.Na2 Be7 11.Re1 O-O 12.Nc3 Bb4 13.Bd2 Qe7 14.e4 Bg4 15.e5 Nd5
16.Ne4 Bxd2 17.Nfxd2 Nb4 18.Rac1 Bf5 19.Nd6 Bg6 20.N2e4 b6 21.f4 c5 22.d5 exd5
23.Bxd5 Rad8 24.Bc4 Bxe4 25.Nxe4 Nc6 26.Rcd1 Nd4 27.Qh3 h6 28.Nd6 Nb8 29.Rxd4 cxd4
30.Nf5 Qc5 31.Qg4 d3+ 32.Kh1 g5 33.Nxh6+  1-0

[Event "Open A"]
[Site "Bethune FRA"]
[Date "2004.12.27"]
[Round "2"]
[White "Clery,N"]
[Black "Couderc,C"]
[Result "1-0"]
[WhiteElo "2325"]
[BlackElo "2081"]

1.d4 d5 2.c4 c6 3.Nf3 Nf6 4.Nc3 dxc4 5.a4 Bf5 6.e3 e6 7.Bxc4 Bb4 8.O-O O-O
9.Nh4 Bg4 10.f3 Bh5 11.g4 Bg6 12.Nxg6 hxg6 13.Qb3 Qe7 14.e4 Nbd7 15.g5 Nh5
16.f4 c5 17.d5 exd5 18.Nxd5 Qxe4 19.Bd3 Qe6 20.f5 gxf5 21.Bxf5 Qd6 22.Rd1 Qe5
23.Bxd7 Rad8 24.Bg4 Bd2 25.Rxd2 Qe1+ 26.Kg2  1-0

[Event "Czech Christmas"]
[Site "Litomysl CZE"]
[Date "2004.12.27"]
[Round "2"]
[White "Zawadzki,S"]
[Black "Masek,M"]
[Result "1/2-1/2"]
[WhiteElo "2398"]
[BlackElo "2200"]

1.d4 d5 2.c4 c6 3.Nf3 Nf6 4.Nc3 dxc4 5.a4 Bf5 6.e3 e6 7.Bxc4 Bb4 8.O-O Nbd7
9.Qb3 Qb6 10.Nh4 O-O 11.Rd1 a5 12.f3 Bg6 13.Nxg6 hxg6 14.Na2 Be7 15.Bd2 Qxb3
16.Bxb3 Rfd8 17.Nc3 e5 18.Ne2 exd4 19.Nxd4 Nb6 20.Be1 Nfd5 21.Bf2 c5 22.e4 Nb4
23.Nb5 Rd3 24.Rxd3 Nxd3 25.Nc7 Rc8 26.Nd5 Nxd5 27.Bxd5 Bf6 28.Bxb7 Rb8 29.Bd5 Rxb2
30.Bg3 Rb4 31.Rd1 Bd4+ 32.Kf1 Nb2 33.Rc1 Nxa4 34.Be1 Rb2 35.Bc6 Nb6 36.Bxa5 Rf2+
37.Ke1 Nc8 38.Rb1 Ne7 39.Rb8+ Kh7 40.Bd5 Rxg2 41.Bxf7 Nc6 42.Ra8 Ne5 43.Bg8+ Kh6
44.Bd5 Nxf3+ 45.Kd1 Kg5 46.Rf8 Bf6 47.Re8 Bd4 48.Rf8 Rf2 49.e5 Nxe5 50.Bd2+ Rxd2+  1/2-1/2

[Event "Czech Christmas"]
[Site "Litomysl CZE"]
[Date "2004.12.27"]
[Round "2"]
[White "Michenka,J"]
[Black "Schirmbeck,H"]
[Result "0-1"]
[WhiteElo "2350"]
[BlackElo "2139"]

1.d4 d5 2.c4 c6 3.Nf3 Nf6 4.Nc3 dxc4 5.a4 Bf5 6.Ne5 e6 7.f3 Bb4 8.e4 Bxe4
9.fxe4 Nxe4 10.Bd2 Qxd4 11.Nxe4 Qxe4+ 12.Qe2 Bxd2+ 13.Kxd2 Qd5+ 14.Kc2 O-O
15.Nxc4 Na6 16.Qe5 Rac8 17.Kb3 Qd8 18.Be2 Qe7 19.Rhd1 Qb4+ 20.Kc2 Rcd8 21.Qa5 Qe7
22.Rxd8 Rxd8 23.Rd1 Rd5 24.Rxd5 exd5 25.Nd2 Nb4+ 26.Kd1 b6  0-1

[Event "13th Donau Open"]
[Site "Aschach AUT"]
[Date "2004.12.30"]
[Round "6"]
[White "Petkov,V"]
[Black "Sandhoefner,F"]
[Result "1-0"]
[WhiteElo "2413"]
[BlackElo "2251"]

1.d4 d5 2.c4 c6 3.Nf3 Nf6 4.Nc3 dxc4 5.a4 Bf5 6.Ne5 Nbd7 7.Nxc4 Qc7 8.g3 e5
9.Bg2 Rd8 10.Bg5 Be6 11.Bxf6 Nxf6 12.Nxe5 Qb6 13.Nd3 Qxd4 14.O-O a5 15.Qc1 Bb3
16.Qg5 Qb6 17.Rac1 h6 18.Qe5+ Be7 19.Nd1 Be6 20.Ne3 O-O 21.Nc4 Bxc4 22.Rxc4 Rfe8
23.Qf5 Bf8 24.Bf3 Re6 25.h4 g6 26.Qf4 h5 27.Qc1 Bg7 28.b4 axb4 29.Rxb4 Qa7
30.Qc5 Qa8 31.Qc4 Bf8 32.Rb3 Qa7 33.e3 Ne8 34.Rc1 Ra8 35.Qc3 Bg7 36.Qb4 Qxa4
37.Qxa4 Rxa4 38.Nc5 Ra7 39.Nxe6 fxe6 40.Rd1 Bf8 41.Rd7 Nd6 42.Bg2 c5 43.Rb6 c4
44.Rbxd6 Bxd6 45.Rxd6  1-0

[Event "112th ch-NZL"]
[Site "Wanganui NZL"]
[Date "2005.01.02"]
[Round "2"]
[White "Civin,T"]
[Black "Smith,Ro"]
[Result "1-0"]
[WhiteElo "2414"]
[BlackElo "2251"]

1.d4 d5 2.c4 c6 3.Nf3 Nf6 4.Nc3 dxc4 5.a4 Bf5 6.e3 e6 7.Bxc4 Bb4 8.O-O O-O
9.Qe2 Bg6 10.Ne5 Nbd7 11.Nxg6 hxg6 12.Rd1 Qe7 13.e4 e5 14.d5 Nb6 15.dxc6 bxc6
16.Bb3 a5 17.Bg5 Rfd8 18.Rac1 Rxd1+ 19.Nxd1 Qd6 20.Qc2 Rc8 21.Be3 Nfd7 22.f3 c5
23.Bc4 Nxc4 24.Qxc4 Bd2 25.Rc2 Bxe3+ 26.Nxe3 Nb6 27.Qa6 Qd4 28.Kf2 c4 29.Qxa5 c3
30.Rxc3 Ra8 31.Qb5 Nxa4 32.Ra3 Kh7 33.Kg3 f5 34.Nd5 fxe4 35.Qd7 Ra5 36.Nf6+  1-0

[Event "XI Open A"]
[Site "Bosnjaci CRO"]
[Date "2005.01.03"]
[Round "1"]
[White "Zivanic,M"]
[Black "Predojevic,B"]
[Result "0-1"]
[WhiteElo "2435"]
[BlackElo "2509"]

1.d4 d5 2.c4 c6 3.Nf3 Nf6 4.Nc3 dxc4 5.a4 Bf5 6.e3 e6 7.Bxc4 Bb4 8.O-O Nbd7
9.Nh4 Bg6 10.f3 Nd5 11.Nxg6 hxg6 12.Qc2 Qa5 13.Na2 Bd6 14.g3 N5b6 15.b3 Qh5
16.Qg2 e5 17.Bb2 exd4 18.Bxd4 O-O 19.f4 Bc5 20.g4 Qh4 21.Bxc5 Nxc5 22.g5 Nxc4
23.bxc4 f5 24.Nc3 Rad8 25.Rf3 Rd3 26.Rh3 Qxh3 27.Qxh3 Rxc3 28.Qf1 Re8 29.Qd1 Rd3
30.Qc2 Red8 31.Re1 Ne4 32.c5 R8d5 33.Rb1 Rc3 34.Qb2 Rd2 35.Qxb7 Rcc2  0-1

[Event "Lidums Australian Open"]
[Site "Mount Buller AUS"]
[Date "2005.01.04"]
[Round "7"]
[White "Neudel,B"]
[Black "Hardegen,A"]
[Result "1/2-1/2"]
[WhiteElo "1909"]
[BlackElo "1973"]

1.d4 d5 2.c4 c6 3.Nc3 Nf6 4.Nf3 dxc4 5.a4 Bf5 6.e3 e6 7.Bxc4 Bb4 8.Bd2 Qa5
9.Be2 Nbd7 10.Nb1 Ne4 11.O-O Rd8 12.Bxb4 Qxb4 13.Nbd2 a5 14.Nxe4 Bxe4 15.Nd2 Bg6
16.Qc1 Nc5 17.Qc3 Nd3 18.Bxd3 Qxc3 19.bxc3 Bxd3 20.Rfc1 b6 21.Ra3 Ba6 22.Rb1 Rb8
23.c4 Kd7  1/2-1/2

[Event "112th ch-NZL"]
[Site "Wanganui NZL"]
[Date "2005.01.05"]
[Round "6"]
[White "Lukey,S"]
[Black "Smith,Ro"]
[Result "1/2-1/2"]
[WhiteElo "2276"]
[BlackElo "2251"]

1.d4 d5 2.c4 c6 3.Nf3 Nf6 4.Nc3 dxc4 5.a4 Bf5 6.e3 e6 7.Bxc4 Bb4 8.O-O O-O
9.Nh4 Nbd7 10.Nxf5 exf5 11.Qc2 g6 12.f3 Nb6 13.Bb3 a5 14.Kh1 f4 15.exf4 Qxd4
16.f5 Nbd5 17.Bg5 Nxc3 18.bxc3 Qxc3 19.fxg6 Qxc2 20.gxf7+ Rxf7 21.Bxc2 Kg7
22.Rad1 h6 23.Bc1 Rff8 24.Bb2 Rad8 25.g4 Kf7 26.h4 Rd2 27.Bb3+ Kg6 28.h5+ Kh7
29.Rxd2 Bxd2 30.Rd1 Bf4 31.Bc4 b5 32.axb5 cxb5 33.Bxb5 Rb8 34.Bd3+ Kg7 35.Bc3 a4
36.Be4 Rb6 37.Rd7+ Kf8 38.Rb7 Rxb7 39.Bxb7 Ke7 40.Kg2 Bc1 41.Kg3 a3 42.Bxf6+ Kxf6
43.Bd5 Ke5 44.Bg8 Bf4+ 45.Kf2 Kd4 46.Ke2 Kc3 47.Bf7 Kd4 48.Bg8 Kc3 49.Be6 Kd4  1/2-1/2

[Event "GM"]
[Site "Augsburg GER"]
[Date "2005.01.06"]
[Round "11"]
[White "Atalik,S"]
[Black "Pitl,G"]
[Result "1-0"]
[WhiteElo "2541"]
[BlackElo "2305"]

1.d4 d5 2.c4 c6 3.Nf3 Nf6 4.Nc3 dxc4 5.a4 Bf5 6.Ne5 Nbd7 7.Nxc4 Nd5 8.Nxd5 cxd5
9.Ne3 Be6 10.g4 Nf6 11.g5 Ne4 12.Bg2 Qd7 13.Bxe4 dxe4 14.d5 Bf5 15.Qd4 e6
16.Nxf5 exf5 17.Bf4 Bd6 18.Qxg7 O-O-O 19.Bxd6 Qxd6 20.Qxf7 Kb8 21.Qxf5 Qb4+
22.Kf1 Qd4 23.Kg2 Rhf8 24.Rad1 Qxb2 25.Qxe4 Rde8 26.Qd4 Rxe2 27.Qxb2 Rfxf2+
28.Kg3 Rxb2 29.h4 Kc7 30.Kg4 Rb4+ 31.Kh5 Rxa4 32.d6+ Kd7 33.Kh6 Rf7 34.h5 Re4
35.g6 hxg6 36.hxg6 Rf6 37.Kg5 Ree6 38.Rh7+  1-0

[Event "Extraliga CZE 2004-5"]
[Site "Czech Rep CZE"]
[Date "2005.01.15"]
[Round "5"]
[White "Markos,J"]
[Black "Zawadzki,S"]
[Result "1-0"]
[WhiteElo "2454"]
[BlackElo "2398"]

1.d4 d5 2.c4 c6 3.Nc3 Nf6 4.Nf3 dxc4 5.a4 Bf5 6.Nh4 Bd7 7.e4 e6 8.g3 Bb4
9.Bg2 Na6 10.Qe2 Qa5 11.Bd2 O-O 12.O-O e5 13.dxe5 Qxe5 14.Rad1 Rfe8 15.f4 Qe7
16.e5 Bg4 17.Bf3 Bxf3 18.Qxf3 Bxc3 19.Bxc3 Nd5 20.Rxd5 cxd5 21.Nf5 Qe6 22.Nd6 f5
23.g4 fxg4 24.Qg3 Nc5 25.f5 Qh6 26.f6 Rf8 27.Qxg4 Qg6 28.Qxg6 hxg6 29.f7+ Kh7
30.Bb4 Ne6 31.Nxb7 g5 32.Nc5 Nf4 33.e6 Kg6 34.h4 Rfb8 35.h5+ Kf6 36.Nd7+ Kxe6
37.Nxb8 Kxf7 38.Nc6 Ke6 39.Nd4+ Kd7 40.Re1 Re8 41.Rxe8 Kxe8 42.Bd2 Nxh5 43.Bxg5 Ng3
44.Nb5 Kd7 45.Kg2 Ne4 46.Be3 Kc6 47.Nxa7+ Kb7 48.Nb5 Ka6 49.Nc3 Nf6 50.Kf3 Ka5
51.Bc5 g6 52.Ke3 Ng4+ 53.Kf4  1-0

[Event "Zimski Winter Open"]
[Site "Belgrade SCG"]
[Date "2005.01.23"]
[Round "2"]
[White "Antonic,D"]
[Black "Petrovic,Pe"]
[Result "0-1"]
[WhiteElo "2061"]
[BlackElo "2181"]

1.d4 d5 2.c4 c6 3.Nc3 Nf6 4.Nf3 dxc4 5.a4 Bf5 6.e3 Bd3 7.Bxd3 cxd3 8.Qxd3 e6
9.O-O Nbd7 10.Rd1 Qa5 11.Bd2 Bb4 12.e4 Rd8 13.Qc2 e5 14.d5 O-O 15.dxc6 bxc6
16.Bg5 h6 17.Bh4 Rfe8 18.Na2 g5 19.Bg3 Rc8 20.Qc4 Bf8 21.Nc3 Nb6 22.Qe2 Nh5
23.Ne1 Rcd8 24.Nc2 Rxd1+ 25.Nxd1 Rd8 26.Nc3 Bc5 27.Rd1 Rxd1+ 28.Qxd1 Nc4
29.Qc1 Qb6 30.Nd1 Nd6 31.Qd2 Nxe4 32.Qe2 Qd8  0-1

[Event "Zimski Winter Open"]
[Site "Belgrade SCG"]
[Date "2005.01.26"]
[Round "4"]
[White "Rakocevic,Z"]
[Black "Rajcevic,S"]
[Result "0-1"]
[WhiteElo "2146"]
[BlackElo "2146"]

1.d4 d5 2.c4 Nf6 3.Nc3 c6 4.Nf3 dxc4 5.a4 Bf5 6.Bg5 Ne4 7.e3 Qa5 8.Qc1 e6
9.Bf4 Bb4 10.Nd2 Nxc3 11.bxc3 Bxc3 12.Ra2 Nd7 13.Bxc4 Nb6 14.Bb3 Bd3 15.Bc2 Bc4
16.Ra3 Qb4 17.Rxc3 Qxc3 18.Qb1 O-O-O 19.Kd1 Nd5 20.Ne4 Qa3 21.Bd6 Rxd6 22.Nxd6+ Qxd6
23.Kd2 Rd8 24.Bxh7 g6 25.Qc2 Qb4+ 26.Kc1 Rh8  0-1

[Event "Zimski Winter Open"]
[Site "Belgrade SCG"]
[Date "2005.01.29"]
[Round "7"]
[White "Damjanovic,D"]
[Black "Klasan,V"]
[Result "1/2-1/2"]
[WhiteElo "2260"]
[BlackElo "2157"]

1.d4 d5 2.c4 c6 3.Nf3 Nf6 4.Nc3 dxc4 5.a4 Bf5 6.e3 e6 7.Bxc4 Bb4 8.O-O O-O
9.Nh4 Bg6 10.Nxg6 hxg6 11.Qb3 Qe7 12.a5 c5 13.d5 Bxc3 14.bxc3 exd5 15.Bxd5 Nxd5
16.Qxd5 Rd8 17.Qc4 Nc6 18.Ba3 Nxa5 19.Qb5 b6 20.Bxc5 Qe5 21.c4 Rac8 22.Bd4 Qxb5
23.cxb5 Nb3 24.Rxa7 Nxd4 25.exd4 Rxd4 26.Rb7 Rc5 27.Rxb6 Rb4 28.Rb8+ Kh7
29.Rf8 f6 30.g3 Rcxb5 31.Kg2 Rb8 32.Rxb8 Rxb8 33.Ra1 g5 34.h3 Rb3 35.Ra7 Kg6
36.Re7 Ra3  1/2-1/2

[Event "13th Fajr Open"]
[Site "Tehran IRI"]
[Date "2005.02.01"]
[Round "9"]
[White "Moradiabadi,E"]
[Black "Ibrahimov,R"]
[Result "1-0"]
[WhiteElo "2439"]
[BlackElo "2501"]

1.d4 d5 2.c4 c6 3.Nc3 Nf6 4.Nf3 dxc4 5.a4 Bf5 6.e3 Bd3 7.Bxd3 cxd3 8.Qxd3 e6
9.O-O Be7 10.e4 O-O 11.Rd1 a5 12.Bg5 Na6 13.Rac1 Nb4 14.Qd2 Qb6 15.d5 Rfd8
16.Qe2 Qa6 17.Qxa6 Nxa6 18.d6 Bf8 19.e5 h6 20.Bh4 g5 21.exf6 gxh4 22.Ne4 Nb4
23.Ne5 Nd5 24.d7 Nf4 25.Rc2 Ng6 26.Nc4 Ra6 27.Ne3 Bb4 28.Ng4 Kh7 29.g3 Ra7
30.gxh4 Nxh4 31.Ne5 Kg8 32.Rd3 Ng6 33.f4  1-0

[Event "XII TCh-RUS 1st League"]
[Site "Smolensk RUS"]
[Date "2005.02.03"]
[Round "1"]
[White "Bazarov,K"]
[Black "Deviatkin,A"]
[Result "0-1"]
[WhiteElo "2191"]
[BlackElo "2512"]

1.d4 d5 2.Nf3 Nf6 3.c4 c6 4.Nc3 dxc4 5.a4 Bf5 6.e3 e6 7.Bxc4 Bb4 8.O-O O-O
9.Ne5 Nbd7 10.Qe2 Bg6 11.Nxd7 Qxd7 12.f3 Rfd8 13.Rd1 c5 14.dxc5 Qc7 15.Bd2 Bxc5
16.Kh1 Rac8 17.Rac1 a6 18.Na2 Qb6 19.e4 Qxb2 20.Rb1 Qe5 21.Be1 Qc7 22.Bg3 Qc6
23.Bb3 Be7 24.Rdc1 Qe8 25.Bc2 Ba3 26.Rf1 Qc6 27.Bd1 h6 28.Rb3 Be7 29.Bf2 Nd7
30.Qb2 Nc5 31.Rb6 Nxa4 32.Bxa4 Qxa4 33.Rxb7 Rc2 34.Qb6 Qc4 35.Rg1 Re8 36.Be3 Ba3
37.Nb4 Rb2 38.Bc5 Kh7 39.Qd6 Rc8 40.Bd4 Rxb4 41.Rxb4 Bxb4 42.h4  0-1

[Event "XII TCh-RUS 1st League"]
[Site "Smolensk RUS"]
[Date "2005.02.04"]
[Round "3"]
[White "Parfenov,Vi"]
[Black "Nachev,S"]
[Result "1/2-1/2"]
[WhiteElo "2229"]
[BlackElo "2404"]

1.d4 Nf6 2.c4 c6 3.Nc3 d5 4.Nf3 dxc4 5.a4 Bf5 6.e3 e6 7.Bxc4 Nbd7 8.O-O Bb4
9.Nh4 O-O 10.Nxf5 exf5 11.f3 Nb6 12.Bd3 f4 13.Na2 Be7 14.a5 Nbd5 15.e4 Ne3
16.Bxe3 fxe3 17.Bc2 e2 18.Qxe2 Qxd4+ 19.Kh1 Rad8 20.Rad1 Qe5 21.a6 Rxd1 22.Rxd1 b5
23.Nc3  1/2-1/2

[Event "ch-FRA Top 16 GpB"]
[Site "Vandoeuvre FRA"]
[Date "2005.02.05"]
[Round "2"]
[White "Chabanon,JL"]
[Black "Cappon,J"]
[Result "1-0"]
[WhiteElo "2431"]
[BlackElo "2186"]

1.d4 d5 2.c4 c6 3.Nf3 Nf6 4.Nc3 dxc4 5.a4 Bf5 6.Ne5 e6 7.f3 Bb4 8.e4 Bxe4
9.fxe4 Nxe4 10.Bd2 Qxd4 11.Nxe4 Qxe4+ 12.Qe2 Bxd2+ 13.Kxd2 Qd5+ 14.Kc2 Na6
15.Nxc4 O-O 16.Qe5 Rac8 17.Be2 f6 18.Qe3 Qf5+ 19.Kb3 b5 20.axb5 Qxb5+ 21.Kc3 Nc7
22.Kc2 Rb8 23.Rxa7 Nd5 24.Qg3 g6 25.Qh3 Rb7 26.Rxb7 Qxb7 27.Qxe6+ Kh8 28.Ra1 Qb8
29.Qd6 Ne3+ 30.Kc1 Qe8 31.Nxe3 Qxe3+ 32.Qd2 Qg1+ 33.Bd1 Qc5+ 34.Kb1 Qf5+
35.Qc2 Qf1 36.Qe2 Qg1 37.Ra3 Rd8 38.Kc1 Qxh2 39.Rh3 Qf4+ 40.Kb1 Qd4 41.Bc2 Qg1+
42.Ka2 Qa7+ 43.Ra3 Qf7+ 44.Bb3 Qd7 45.Qf2 f5 46.Qb6  1-0

[Event "Jersey Open"]
[Site "Jersey JCI"]
[Date "2005.02.13"]
[Round "1"]
[White "Trevelyan,J"]
[Black "Gosling,B"]
[Result "1-0"]
[WhiteElo "2178"]
[BlackElo "2096"]

1.d4 d5 2.Nf3 c6 3.c4 Nf6 4.Nc3 dxc4 5.a4 Bf5 6.Ne5 e6 7.f3 Bb4 8.e4 Bg6
9.Bxc4 Nbd7 10.Nxg6 hxg6 11.Bg5 Qc7 12.Qd2 O-O-O 13.O-O-O Ne5 14.Bf4 Nxc4
15.Bxc7 Nxd2 16.Bxd8 Nb3+ 17.Kc2 Na1+ 18.Rxa1 Rxd8 19.Rad1 Ba5 20.h4 Bb6
21.e5 Ng8 22.Ne4 Bc7 23.h5 gxh5 24.Rxh5 Nh6 25.g4 Rd5 26.Rd3 a5 27.Nc3 Rd8
28.Nd1 Bb6 29.Kc3 Ba7 30.Ne3 b5 31.g5 b4+ 32.Kc4 Nf5 33.Nxf5 exf5 34.Rh7 Rd7
35.Rxg7 c5 36.d5  1-0

[Event "Aeroflot Open B"]
[Site "Moscow RUS"]
[Date "2005.02.20"]
[Round "6"]
[White "Moradiabadi,E"]
[Black "Sundararajan,K"]
[Result "1/2-1/2"]
[WhiteElo "2439"]
[BlackElo "2473"]

1.d4 d5 2.c4 c6 3.Nf3 Nf6 4.Nc3 dxc4 5.a4 Bf5 6.e3 e6 7.Bxc4 Bb4 8.O-O O-O
9.Nh4 Nbd7 10.h3 Qe7 11.a5 a6 12.Bd2 Bd6 13.Qf3 Bg6 14.Rfe1 Rac8 15.Nxg6 hxg6
16.Ne4 Nxe4 17.Qxe4 Nf6 18.Qc2 c5 19.dxc5 Bxc5 20.b3 Rfd8 21.Red1 Bb4 22.Bc3 Rxd1+
23.Rxd1 Nd5 24.Bxb4 Nxb4 25.Qc3 Nc6 26.Be2 Rd8  1/2-1/2

[Event "12th Metalis Open"]
[Site "Bizovac CRO"]
[Date "2005.02.25"]
[Round "3"]
[White "Arbanas,J"]
[Black "Erdos,V"]
[Result "0-1"]
[WhiteElo "2289"]
[BlackElo "2453"]

1.d4 d5 2.Nf3 Nf6 3.c4 c6 4.Nc3 dxc4 5.a4 Bf5 6.Ne5 Nbd7 7.Nxc4 Qc7 8.g3 e5
9.dxe5 Nxe5 10.Bf4 Nfd7 11.Qd4 f6 12.O-O-O Nc5 13.Nd2 Rd8 14.Bxe5 fxe5 15.Qe3 Be7
16.Bg2 Nd3+ 17.exd3 Rxd3 18.Nc4 Rxe3 19.Nxe3 Be6 20.Be4 O-O 21.Rd2 Bc5 22.Re1 Qa5
23.Bd3 Bd4 24.Ned1 Bb3 25.Bc2 Bxc2 26.Rxc2 b5 27.Ree2 b4 28.Ne4 Qxa4 29.Nc5 Qa1+
30.Kd2 Bxc5  0-1